[Event "Russian Championship Superfinal"]
[Site "Moscow, Russia"]
[Date "2007.12.22"]
[Round "4"]
[White "GM Timofeev, Artyom(RUS)"]
[Black "GM Vitiugov, Nikita(RUS)"]
[Result "0-1"]
[WhiteElo "2637"]
[BlackElo "2594"]
[Annotator "Ëåáåäåâ Âàñèëèé"]
[PlyCount "119"]
[EventDate "2007.12.22"]

{Â òàêèõ òóðíèðàõ òîëüêî äàé ñëàáèíó - â ìîìåíò çàòîï÷óò. Âîò è â ýòîé ïàðòèè
íåäàâíèé ïîáåäèòåëü Êóáêà Ðîññèè áûë áëåäíîé òåíüþ ñàìîãî ñåáÿ...} 1. e4 c5 2.
Nf3 d6 3. d4 cxd4 4. Nxd4 Nf6 5. Nc3 a6 6. g3 e5 7. Nde2 Be7 8. Bg2 O-O 9. O-O
Nbd7 10. a4 b6 11. h3 Bb7 12. g4 Rc8 13. Ng3 Nc5 14. g5 (14. Be3 Rc7 15. g5
Nfd7 16. h4 g6 17. Nd5 Bxd5 18. exd5 f5 19. gxf6 Nxf6 20. Bh6 Rf7 21. h5 Nxh5
22. Nxh5 gxh5 23. Qxh5 Bf8 24. Bg5 Be7 25. Bh6 Bf8 26. Bg5 {
(1/2 Kholmov,R (2475) - Lukin,A (2430)/Klaipeda 1988).}) 14... Nfd7 $146 (14...
Ne8 15. h4 Ne6 16. Nf5 g6 17. Nxe7+ Qxe7 18. Be3 Nf4 19. Bf3 f6 20. Bxf4 exf4
21. Nd5 Bxd5 22. Qxd5+ Kg7 23. c3 fxg5 24. Qd4+ Kh6 25. hxg5+ Qxg5+ 26. Kh2 Rc5
27. Rh1 Qe5 28. Rad1 Rf6 29. Qxe5 Rxe5 30. Rd4 a5 31. Bg4 Rf7 32. Be2 Rfe7 33.
Kg2+ Kg7 34. Kf3 g5 35. Bb5 Nf6 36. Bc6 R7e6 37. Rhd1 Rc5 38. Bb5 Rce5 39. Bc6
Rc5 40. Bb5 h5 41. Rxd6 g4+ 42. Kxf4 Rxe4+ 43. Kg3 Rf5 44. Bc6 $2 Re2 45. Rf1
Rxb2 46. f3 Rc2 47. Bd7 Ne4+ 48. fxe4 Rxf1 49. e5 Re1 {
(0-1 Novak,M (2163) - Vojtek,V (2338)/Tatranske Zruby 2004).}) 15. h4 $5 {
Èäåÿ-òî õîäà ïîíÿòíà, íî âîò ëó÷øåå ëè ýòî èç âîçìîæíûõ ïðîäîëæåíèé?} ({
Âïîëíå ïî «áåëîñèöèëèàíñêè» ñìîòðåëîñü} 15. Nf5 $5 {Æåðòâà êàê íèêàê!} Bxg5
$140 ({âèäèìî, ëó÷øå «óêëîíèñòñêîå»} 15... Ne6 $5) (15... g6 $6 16. Nxd6 {
è ò.ä.}) 16. Qg4 h6 ({èëè} 16... Ne6 17. Bxg5 Nxg5 ({íî íå} 17... Qxg5 $2 18.
Qxg5 Nxg5 19. Ne7+ {è ò.ä.}) 18. Rfd1 $1 $36) 17. Rd1 $1 g6 (17... Nf6 18. Bxg5
$1 $16 {, òî åñòü} hxg5 19. Qxg5 Ne6 20. Qh4 {è ò.ä.}) (17... Be7 $4 18. Qxg7#)
18. Bxg5 hxg5 ({ñëàáåå} 18... gxf5 19. Bxd8+ fxg4 20. Bh4 gxh3 21. Bxh3 {
- ïåøêó áåëûå ðàíî èëè ïîçäíî, ðàçóìååòñÿ, îòûãðàþò, à ìîùíåéøåå äàâëåíèå è
äâóõ ñëîíîâ ñîõðàíÿò}) 19. Nxd6 Rc7 20. Nxb7 Rxb7 21. Rd6 $14 {
Íî, êàê è áûëî ñêàçàíî âûøå, ïðèíèìàòü æåðòâó ïåøêè íå îáÿçàòåëüíî.}) 15... g6
$1 {«Êîíþ ïðîòèâíèêà íà f5 - íå ìåñòî!», - ðåøèëè ÷¸ðíûå.} 16. Be3 Ne6 17.
Bh3 {Ïî âñåé âèäèìîñòè, äåëàÿ ýòîò õîä, áåëûå ïðîñ÷èòàëè êîðîòåíüêèé âàðèàíò
è îñòàëèñü ïîçèöèåé, âîçíèêàþùåé ïî åãî çàâåðøåíèþ âïîëíå äîâîëüíûìè. Íî ÷¸ðíûå
 çàãëÿíóëè äàëüøå...} (17. Nd5 $5) 17... Nf4 18. Bxf4 ({Åñëè} 18. Bg4 {, òî
} f6 $1) 18... exf4 19. Nge2 ({Íè÷åãî íå äà¸ò è} 19. Qg4 {Çäåñü, íàâåðíîå, ÷¸ðíûì
 íàäî ñûãðàòü ïðîñòî  íà ëó÷øóþ ïîçèöèþ , âîçíèêàþùóþ ïîñëå} fxg3 $1 (
{èíòåðåñíûì êàæåòñÿ çäåñü} 19... f5 $5 20. Qxf4 ({õóæå} 20. gxf6 Nxf6 21. Qxf4
Nxe4 $1 {è ò.ä.}) 20... Ne5 {
îäíàêî òåïåðü è ó áåëûõ «ïðîñûïàåòñÿ» èíòåðåñ ê ýòîé ïîçèöèè} 21. Bxf5 $1
gxf5 22. Nxf5 $44) 20. Qxd7 Qxd7 21. Bxd7 gxf2+ 22. Rxf2 Rc4 $15 {
- äâà ñëîíà, îæèäàåìîå âñêðûòèå ïîçèöèè è ò.ä.}) 19... f3 20. Nd4 {
È âñ¸ áû íè÷åãî, êàáû íå ìàëåíüêèé íþàíñèê.} ({Íåëüçÿ} 20. Ng3 {èç-çà} Ne5 $1
$36) ({À åñëè} 20. Nf4 {, òî, ïîõîæå, ÷òî íàäî îïÿòü (êàê â ïàðòèè) èãðàòü}
Bxg5 $1 {, íî âåä¸ò ýòî íå ê ñëèøêîì áîëüøèì äèâèäåíäàì:} 21. Qxd6 $1 ({ñëàáåå
} 21. hxg5 Qxg5+ 22. Ng2 fxg2 {
, è áåëûå ïðîñòî îñòàþòñÿ áåç ïåøêè è ñ ïëîõîé ïîçèöèåé.}) 21... Rc6 22. Qxd7
Bxf4 23. Qxd8 Rxd8 24. Nd5 {è ò.ä. - â ïåðâîì ïðèáëèæåíèè áåëûå îòáèëèñü.})
20... Bxg5 $1 21. hxg5 Qxg5+ 22. Kh1 ({Òàê, ñìîòðèì} 22. Kh2 {. Íàäî äàòü øàõ -
} Qf4+ 23. Kg1 ({ïðîäîëæåíèå} 23. Kh1 Rxc3 24. bxc3 Qh4 {
âåä¸ò ê ïîëîæåíèþ èç ïàðòèè}) {À òåïåðü áðîñàåì â áîé êàâàëåðèþ -} 23... Ne5
$1 {Çàìå÷àåì, ÷òî åñëè óáðàòü ñ äîñêè êîíÿ d4, òî ðåøàåò Ng4. Ïðèìåðíî â
ýòîì íàïðàâëåíèè è íàäî äåéñòâîâàòü.} 24. Re1 (24. Bxc8 Qg5+ 25. Kh2 Qg2#) (24.
a5 $4 Rc4 25. axb6 $140 Rxd4 26. Qxd4 Ng4 $19) 24... Rc4 25. Re3 Qg5+ 26. Kf1
Qh4 27. Nxf3 Qxh3+ 28. Ke2 Ng4 {è ò.ä.}) 22... Rxc3 $3 {
Èñòèííî ñèöèëèàíñêèé õîä!} 23. bxc3 ({Åñëè èãíîðèðîâàòü ëàäüþ, òî ñîâñåì
ñêîðî ÷¸ðíûå ôèãóðû ïðîñòî íå  áóäóò çàìå÷àòü ñâîèõ îïïîíåíòîâ, íàñòîëüêî èõ
áóäåò áîëüøå -} 23. Rg1 Qh5 24. Rg3 Rc5 25. Qxf3 Qxf3+ 26. Rxf3 ({èëè} 26. Nxf3
Nf6 {è ò.ä.}) 26... Bxe4 ({ìîæíî, ðàçóìååòñÿ, è} 26... Ne5) 27. Bxd7 Bxf3+ 28.
Nxf3 Rd8 29. Bh3 Rxc2 {è ò.ä.}) 23... Qh4 24. Kh2 {
Åù¸ ëó÷øåå. Íî ïîçèöèÿ áåëûõ - áåçíàä¸æíà.} ({
Â òàêèõ ïîëîæåíèÿõ íàéòè êàêóþ-ëèáî êðàñèâîñòü - ðàç ïëþíóòü. Ê ïðèìåðó,} 24.
Nxf3 Qxh3+ 25. Nh2 ({åñëè} 25. Kg1 {, òî} Bxe4 {
è íèêàêàÿ èçâîðîòëèâîñòü, íàïîäîáèå ñëåäóþùåé} 26. Qxd6 Qxf3 27. Qh2 {
, áåëûì, êîíå÷íî æå, íå ïîìîæåò:} Ne5 $1 28. Rfe1 Ng4 29. Re3 Nxh2 30. Rxf3
Nxf3+ {Äîñòàòî÷íî?}) 25... Re8 26. f3 (26. Qg4 Qxg4 27. Nxg4 Rxe4 28. Nh2 (28.
f3 $4 Rxg4 $19) 28... Rc4+ 29. Kg1 Rxc3 {è ò.ä.}) {
È ñëåäóåò íåáîëüøîé òàêîé õðÿñü -} 26... Rxe4 $3 27. Rf2 ({åñëè} 27. fxe4 {, òî
} Bxe4+ 28. Rf3 Ne5 {è ò.ä.}) 27... Rh4 28. Kg1 (28. Qxd6 Bxf3+ 29. Rxf3 Qxf3+
30. Kg1 Qe3+ 31. Kh1 {è òåïåðü «î÷åíü» ñèëüíî} Rh5 $1 32. Qxd7 $140 Qf3+ $1
33. Kg1 Qg3+ 34. Kf1 Rxh2 {ñ áûñòðûì ìàòîì}) 28... Ne5 29. Qxd6 Qg3+ 30. Kf1 (
30. Kh1 Bxf3+) 30... Rxh2 31. Rxh2 Qxh2 32. Qb8+ Kg7 33. Qxb7 Nc4 $1 {
Ðûáíîå õëàäíîêðîâèå!} (33... Qh1+) 34. Qxa6 Ne3+ 35. Ke1 Nxc2+ {è ò.ä.}) 24...
Ne5 25. Rg1 (25. Nxf3 Qf4+ 26. Kg2 Bxe4 $19) 25... Qxf2+ 26. Kh1 Qh4 {
Òàê, òåïåðü ïîðà óñïîêîèòüñÿ, ïîâòîðèòü ïàðó ðàç ïîçèöèþ, è äî êîíöà ïîñ÷èòàòü
âàðèàíòû.} 27. Kh2 (27. Qf1 Bxe4 $19) 27... Qf2+ 28. Kh1 Qh4 29. Kh2 h5 $1 {
Ãðîçèò Ng4+ c áîëüøèìè íåïðèÿòíîñòÿìè äëÿ áåëûõ.} 30. Nxf3 ({
Ñäåëàåì «íåéòðàëüíûé» õîä} 30. a5 {
, ÷òîáû ïîêàçàòü òå ñàìûå îãðîìíûå íåïðèÿòíîñòè -} Ng4+ 31. Rxg4 (31. Kh1
Qxh3#) 31... hxg4 32. Qf1 g3+ 33. Kg1 f2+ 34. Kg2 {È õîòÿ òóò ìàòóåò íå} Bxe4+
({à} 34... Qxe4+ 35. Kxg3 Qe3+ 36. Kh4 Qf4+ 37. Bg4 Kg7 {
ñûãðàþ íà ãëàâíîé ëèíèè èìåííî òàê,}) {÷òîáû ïîñëå} 35. Nf3 {îòâåòèòü} g5 $19
{, è çàëþáîâàòüñÿ âîçíèêàþùèì  íà äîñêå ïåéçàæåì.}) ({
Êàê áû áîëåå óïîðíûì çäåñü ÿâëÿåòñÿ} 30. Nf5 $5 {
, íî ñìîòðåòü íà ïîçèöèþ áåëûõ áåç ñë¸ç ïîñëå ïðèìåðíîãî} Qf4+ 31. Rg3 h4 32.
Nxh4 Qxh4 33. Qxd6 Qf4 {ÍÅÂÎÇÌÎÆÍÎ.}) 30... Qf4+ {Ìîæíî  è òàê.} ({
Íî ìîæíî è ýäàê:} 30... Qxe4 31. Nxe5 Qxe5+ 32. Rg3 h4 {è ò.ä.}) 31. Rg3 Bxe4
32. Ng5 ({È íà} 32. Nxe5 {«ñèëüíî»} h4 $1) 32... h4 33. Nxe4 hxg3+ 34. Nxg3 {
Êîíü óñïåë íàçàä êàê áû âîâðåìÿ, íî òàì æå, íà çàäíåì äâîðå, îí è ãèáíåò.} Nf3+
35. Kg2 Nh4+ 36. Kh1 ({Èëè} 36. Kh2 Qf2+ 37. Kh1 Qxg3 {è ò.ä.}) 36... Qxg3 37.
Qg4 Qxc3 $1 {Ñàìîå ñèëüíîå, ñàìîå ÷¸òêîå, ñàìîå ïðàâèëüíîå!} 38. Rf1 Qc6+ {
Íàä¸æíî ñûãðàíî.} ({Âðîäå áû} 38... Kg7 $1 {ïîçâîëÿëî çàêîí÷èòü èãðó ïîðàíüøå.
Íî íå áóäåì çàáûâàòü à) î íîìåðå ýòîãî õîäà; á) î òîì, ÷òî ïàðòèÿ íå íà
ëàâî÷êå â ïàðêå èãðàåòñÿ.} 39. Qxh4 Rh8 40. Qf4 Qxh3+ 41. Kg1 Qh1+ 42. Kf2 Rh4
$1 43. Rxh1 Rxf4+ 44. Ke3 Rxa4 {- ÷åòûðå ëèøíèå ïåøêè! Òóò ÷¸ðíûì, íàâåðíîå,
ìîæíî äàæå «æåðòâîâàòü» ëàäüþ çà ïåõîòèíöà íà ñ2, è âñ¸ ðàâíî ïðîäîëæàòü
èãðàòü íà ïîáåäó!}) 39. Kg1 Qc5+ 40. Rf2 Nf5 {Êîíòðîëü ïðîéäåí. Áåëûå
óïèðàþòñÿ äî êîíöà, íî ðåçóëüòàò îò ýòîãî ïîìåíÿòüñÿ íå äîëæåí.} 41. Qf4 Re8
42. Bxf5 Qxf5 43. Qxf5 gxf5 44. Rd2 (44. Rxf5 Re1+ 45. Kf2 Rc1 {è ò.ä.}) 44...
Re6 45. c4 Re4 {Óíè÷òîæàÿ ÂÑÅ ïåøêè ïðîòèâíèêà, òåì ñàìûì îáðåêàÿ ïîñëåäíåãî
íà «àðèñòîêðàòè÷åñêóþ» íàãîòó.} 46. Rxd6 Rxc4 47. Rxb6 Rxa4 48. Kf2 Kg7 49.
Kf3 a5 50. Ke3 f6 51. Kf3 Kg6 52. Rb8 {Ïûòàÿñü «äåðíóòüñÿ».} ({Åñëè ïî íàóêå
ðàñïîëîæèòü è äåðæàòü â äàëüíåéøåì ëàäüþ ñçàäè âðàæåñêîé ïðîõîäíîé -} 52. Ra6
{, òî ÷¸ðíûå âûèãðûâàþò êëàññè÷åñêèì, âñåì èçâåñòíûì ñïîñîáîì:} Ra1 53. Ra8
a4 54. Ra7 a3 55. Ra8 a2 56. Kg2 (56. Kf2 Rh1 57. Rxa2 Rh2+) 56... f4 57. Rg8+
Kf7 58. Ra8 f3+ $1 {Òî÷êà! È øà!}) 52... Ra1 53. Rg8+ Kf7 54. Rg2 a4 55. Kf4
Rf1+ 56. Kg3 Rb1 57. Rc2 (57. Ra2 Rb4 {è ò.ä.}) 57... a3 58. Kf4 Rb4+ 59. Kxf5
{È «òîëüêî» òåïåðü ìîæíî ñ àáñîëþòíîé òî÷íîñòüþ ñêàçàòü, ÷òî ÷¸ðíûå
ïîáåæäàþò íå ïîçäíåå 27 õîäà. ;)} Rb5+ 60. Kf4 {È áåëûå ñäàëèñü.} 0-1